Casistica e giurisprudenza

Gardado en:
Detalles Bibliográficos
Autor Principal: Vacca, Letizia (Author)
Formato: Libro
Idioma:Lingua italiana
Publicado: Nápoles Jovene Editore 2014
Edición:1a. ed
Series:Centro di Eccellenza in Diritto Europeo -Giovanni Pugliese-, 22
Subjects:
Tags: Engadir etiqueta
Sen Etiquetas, Sexa o primeiro en etiquetar este rexistro!

MARC

LEADER 00000cam a2200000 a 4500
001 UCE4959
003 CL-VaPUC
008 141120e20140000it |||||||||||||||||ita|d
020 |a 9788824322935 
082 0 4 |a 340.54  |b VAC  |2 21 
100 0 |a Vacca, Letizia  |e author  |9 577437 
245 1 0 |a Casistica e giurisprudenza 
250 |a 1a. ed 
300 |a 306 p 
942 |c BK 
945 |d 20141120 11:52:00  |a arojas 
260 |a Nápoles  |b Jovene Editore  |c 2014 
650 0 |a Jurisprudencia  |9 255952 
650 7 |a CASOS  |2 CL-VaPUC  |9 255604 
650 0 |a Derecho romano  |9 255930 
583 |a last modification  |c 20141120 11:52:00  |k Rodrigo Vera 
490 0 |a Centro di Eccellenza in Diritto Europeo -Giovanni Pugliese-, 22 
999 |c 357813  |d 357811 
952 |0 0  |1 0  |3 erb  |4 0  |6 340_540000000000000_VAC_2014  |7 0  |8 DER_ROM  |9 465906  |a BIBDER  |b BIBDER  |i 5125871  |l 1  |m 1  |o 340.54 VAC 2014  |p 5125871  |r 2023-01-25  |s 2020-06-12  |w 2019-11-23  |x Ubicación 4to piso  |y BK  |z Este recurso debe solicitarse con anticipación  |k DER